Evaluación de propiedades en mezclas asfálticas de graduación SUPERPAVE abierta con cemento como aditivo
Պահպանված է:
| Հիմնական հեղինակ: | |
|---|---|
| Ձևաչափ: | Գիրք |
| Լեզու: | Undetermined |
| Հրապարակվել է: |
San José, C.R
1999
|
| Խորագրեր: | |
| Ցուցիչներ: |
Ավելացրեք ցուցիչ
Չկան պիտակներ, Եղեք առաջինը, ով նշում է այս գրառումը!
|
MARC
| LEADER | 00000nam a2200000Ia 4500 | ||
|---|---|---|---|
| 001 | 3948 | ||
| 003 | 007875 | ||
| 005 | 20221231144219.0 | ||
| 008 | 140114s9999 xx 000 0 und d | ||
| 040 | |c cru CEDI | ||
| 100 | |a Moreira Palma, Greivin |9 8767 | ||
| 245 | |a Evaluación de propiedades en mezclas asfálticas de graduación SUPERPAVE abierta con cemento como aditivo | ||
| 260 | |c 1999 |a San José, C.R | ||
| 300 | |a 86, [16] hojas : ilustraciones (algunas a color). | ||
| 500 | |a Proyecto de graduación (licenciatura en ingeniería civil)--Universidad de Costa Rica. Facultad de Ingeniería. Escuela de Ingeniería Civil | ||
| 650 | |x ASFALTO - ESPECIFICACIONES |x PAVIMENTOS - ANALISIS |x MATERIALES PARA CARRETERAS |9 8768 | ||
| 942 | |c TFG | ||
| 999 | |c 18527 |d 18527 | ||
